[Event "40th Olympiad Open"]
[Site "Istanbul TUR"]
[Date "2012.09.05"]
[Round "8.12"]
[White "Brkic, Ante"]
[Black "Swiercz, Dariusz"]
[Result "0-1"]
[WhiteTitle "GM"]
[BlackTitle "GM"]
[WhiteElo "2587"]
[BlackElo "2594"]
[WhiteTeam "Croatia"]
[BlackTeam "Poland"]
[WhiteFideId "14506688"]
[BlackFideId "1126881"]
[EventDate "2012.08.28"]

1. e4 e6 2. d4 d5 3. Nc3 Nf6 4. e5 Nfd7 5. f4 c5 6. Nf3 Nc6 7. Be3 Be7 8. a3 O-O
9. dxc5 Bxc5 10. Bxc5 Nxc5 11. b4 Nd7 12. Bd3 f6 13. b5 Na5 14. O-O fxe5 15.
fxe5 Nc5 16. h4 Nxd3 17. Qxd3 h6 18. Nd4 Nc4 19. Qg3 Bd7 20. Nce2 Qc7 21. a4 Nd2
22. Rxf8+ Rxf8 23. Qc3 Qxc3 24. Nxc3 Rf4 25. Nb3 Nc4 26. Nc5 Bc8 27. a5 Rf7 28.
a6 b6 29. Nb7 Bd7 30. Nd6 Nxd6 31. exd6 0-1